[Event "9th Bangabandhu Rapid Women 2021"]
[Site "Dhaka"]
[Date "2021.04.02"]
[Round "4.3"]
[White "Nusrat Jahan, Alo"]
[Black "Talukder, Umme Taslima Protiva"]
[Result "1/2-1/2"]
[WhiteElo "1712"]
[BlackElo "1722"]
[Annotator "NA"]
[PlyCount "156"]
[EventDate "2021.04.02"]
[EventType "swiss"]
[EventCountry "BAN"]
[SourceTitle "playchess.com"]
[Source "ChessBase"]
[SourceQuality "1"]
[TimeControl "1500+10"]

1. e4 {[%emt 0:25:10]} c5 {[%emt 0:25:10]} 2. Nf3 {[%emt 0:00:10]} d6 {[%emt 0:00:10]} 3. d4 {[%emt 0:00:10]} cxd4 {[%emt 0:00:10]} 4. Nxd4 {[%emt 0:00:10]} Nf6 {[%emt 0:00:10]} 5. Nc3 {[%emt 0:00:10]} a6 {[%emt 0:00:10]} 6. Bg5 {[%emt 0:00:10]} e6 {[%emt 0:00:10]} 7. Qd2 {[%emt 0:00:10]} Be7 {[%emt 0:00:10]} 8. f4 {[%emt 0:00:10]} Nc6 {[%emt 0:00:10]} 9. O-O-O {[%emt 0:00:10]} Qc7 {[%emt 0:00:10]} 10. Bxf6 {[%emt 0:00:10]} gxf6 {[%emt 0:00:10]} 11. g3 {[%emt 0:00:10]} Bd7 {[%emt 0:00:10]} 12. a3 {[%emt 0:00:10]} Rc8 {[%emt 0:00:10]} 13. Bg2 {[%emt 0:00:10]} Na5 {[%emt 0:00:10]} 14. Nb3 {[%emt 0:00:10]} Nc4 {[%emt 0:00:10]} 15. Qd3 {[%emt 0:00:10]} Nxa3 {[%emt 0:00:10]} 16. Rd2 {[%emt 0:00:10]} Nc4 {[%emt 0:00:10]} 17. Re2 {[%emt 0:00:10]} b5 {[%emt 0:00:10]} 18. Nd2 {[%emt 0:00:10]} b4 {[%emt 0:00:10]} 19. Nxc4 {[%emt 0:00:10]} Qxc4 {[%emt 0:00:10]} 20. Qxc4 {[%emt 0:00:10]} Rxc4 {[%emt 0:00:10]} 21. Nb1 {[%emt 0:00:10]} O-O {[%emt 0:00:10]} 22. Nd2 {[%emt 0:00:10]} Rc7 {[%emt 0:00:10]} 23. Nb3 {[%emt 0:00:10]} Bb5 {[%emt 0:00:10]} 24. Rd2 {[%emt 0:00:10]} Rfc8 {[%emt 0:00:10]} 25. Nd4 {[%emt 0:00:10]} Bd7 {[%emt 0:00:10]} 26. Kb1 {[%emt 0:00:10]} a5 {[%emt 0:00:10]} 27. Rhd1 {[%emt 0:00:10]} a4 {[%emt 0:00:10]} 28. Bf1 {[%emt 0:00:10]} Rb8 {[%emt 0:00:10]} 29. Ka2 {[%emt 0:00:10]} Bf8 {[%emt 0:00:10]} 30. Be2 {[%emt 0:00:10]} Bh6 {[%emt 0:00:10]} 31. Nf3 {[%emt 0:00:10]} b3+ {[%emt 0:00:10]} 32. cxb3 {[%emt 0:00:10]} axb3+ {[%emt 0:00:10]} 33. Kb1 {[%emt 0:00:10]} Ra7 {[%emt 0:00:10]} 34. Rxd6 {[%emt 0:00:10]} Rba8 {[%emt 0:00:10]} 35. Kc1 {[%emt 0:00:10]} Rc7+ {[%emt 0:00:10]} 36. Kd2 {[%emt 0:00:10]} Bc6 {[%emt 0:00:10]} 37. Bd3 {[%emt 0:00:10]} Bf8 {[%emt 0:00:10]} 38. Rd4 {[%emt 0:00:10]} Bc5 {[%emt 0:00:10]} 39. Rc4 {[%emt 0:00:10]} Bb5 {[%emt 0:00:10]} 40. Rcc1 {[%emt 0:00:10]} Rd8 {[%emt 0:00:10]} 41. Ke2 {[%emt 0:00:10]} Bxd3+ {[%emt 0:00:10]} 42. Rxd3 {[%emt 0:00:10]} Rxd3 {[%emt 0:00:10]} 43. Kxd3 {[%emt 0:00:10]} Bb6 {[%emt 0:00:10]} 44. Rxc7 {[%emt 0:00:10]} Bxc7 {[%emt 0:00:10]} 45. Kc3 {[%emt 0:00:10]} Kf8 {[%emt 0:00:10]} 46. Kxb3 {[%emt 0:00:10]} Ke7 47. Kc4 {[%emt 0:00:10]} Kd6 {[%emt 0:00:20]} 48. b4 {[%emt 0:00:10]} Kc6 {[%emt 0:00:10]} 49. b5+ {[%emt 0:00:10]} Kb6 {[%emt 0:00:10]} 50. e5 {[%emt 0:00:10]} fxe5 {[%emt 0:00:10]} 51. Nxe5 {[%emt 0:00:10]} f5 {[%emt 0:00:10]} 52. Nd7+ {[%emt 0:00:10]} Kb7 {[%emt 0:00:10]} 53. Nf8 {[%emt 0:00:10]} e5 {[%emt 0:00:10]} 54. fxe5 {[%emt 0:00:10]} Bxe5 {[%emt 0:00:10]} 55. Nxh7 {[%emt 0:00:10]} f4 {[%emt 0:00:10]} 56. gxf4 {[%emt 0:00:10]} Bxf4 {[%emt 0:00:10]} 57. h4 {[%emt 0:00:10]} Kc7 {[%emt 0:00:10]} 58. Kb4 {[%emt 0:00:10]} Kd6 {[%emt 0:00:10]} 59. Ka5 {[%emt 0:00:10]} Ke6 {[%emt 0:00:10]} 60. Ng5+ {[%emt 0:00:10]} Kf5 {[%emt 0:00:10]} 61. Nh3 {[%emt 0:00:10]} Bc7+ {[%emt 0:00:10]} 62. Ka6 {[%emt 0:00:10]} Kg4 {[%emt 0:00:10]} 63. Kb7 {[%emt 0:00:10]} Be5 {[%emt 0:00:10]} 64. Nf2+ {[%emt 0:00:10]} Kxh4 {[%emt 0:00:10]} 65. Nd3 {[%emt 0:00:10]} Bg3 {[%emt 0:00:10]} 66. Nc5 {[%emt 0:00:10]} Kg4 {[%emt 0:00:10]} 67. Ne4 {[%emt 0:00:10]} Be5 {[%emt 0:00:10]} 68. Kc6 {[%emt 0:00:10]} Kf5 {[%emt 0:00:10]} 69. Nd6+ {[%emt 0:00:10]} Ke6 {[%emt 0:00:10]} 70. Nc4 {[%emt 0:00:10]} Bd4 {[%emt 0:00:10]} 71. Na5 {[%emt 0:00:10]} Be3 {[%emt 0:00:10]} 72. Nb7 {[%emt 0:00:10]} Ba7 {[%emt 0:00:10]} 73. Nd6 {[%emt 0:00:10]} Bb8 {[%emt 0:00:10]} 74. Nc8 {[%emt 0:00:10]} Be5 {[%emt 0:00:10]} 75. b6 {[%emt 0:00:10]} Bf4 {[%emt 0:00:10]} 76. Na7 {[%emt 0:00:10]} Be3 {[%emt 0:00:10]} 77. Kc7 {[%emt 0:00:10]} Bxb6+ {[%emt 0:00:10]} 78. Kxb6 {[%emt 0:00:10]} Ke5 {[%emt 0:00:10]} 1/2-1/2

[Event "9th Bangabandhu Rapid Women 2021"]
[Site "Dhaka"]
[Date "2021.04.02"]
[Round "4.4"]
[White "Jannatul, Ferdous"]
[Black "Kazi Zarin, Tasnim"]
[Result "1/2-1/2"]
[WhiteElo "1778"]
[BlackElo "1790"]
[Annotator "NA"]
[PlyCount "69"]
[EventDate "2021.04.02"]
[EventType "swiss"]
[EventCountry "BAN"]
[SourceTitle "playchess.com"]
[Source "ChessBase"]
[SourceQuality "1"]
[TimeControl "1500+10"]

1. d4 {[%emt 0:25:10]} d5 {[%emt 0:25:10]} 2. Bf4 {[%emt 0:00:10]} Nf6 {[%emt 0:00:10]} 3. Nf3 {[%emt 0:00:10]} c5 {[%emt 0:00:10]} 4. e3 {[%emt 0:00:10]} Nc6 {[%emt 0:00:10]} 5. c3 {[%emt 0:00:10]} Bf5 {[%emt 0:00:10]} 6. Bd3 {[%emt 0:00:10]} Bxd3 {[%emt 0:00:10]} 7. Qxd3 {[%emt 0:00:10]} Qb6 {[%emt 0:00:10]} 8. Qe2 {[%emt 0:00:10]} e6 {[%emt 0:00:10]} 9. O-O {[%emt 0:00:10]} Be7 {[%emt 0:00:10]} 10. h3 {[%emt 0:00:10]} O-O {[%emt 0:00:10]} 11. Ne5 {[%emt 0:00:10]} Rad8 {[%emt 0:00:10]} 12. Qc2 {[%emt 0:00:10]} Nd7 {[%emt 0:00:10]} 13. Bh2 {[%emt 0:00:10]} Ncxe5 {[%emt 0:00:10]} 14. dxe5 {[%emt 0:00:10]} Qc7 {[%emt 0:00:10]} 15. f4 {[%emt 0:00:10]} Qb6 {[%emt 0:00:10]} 16. Kh1 {[%emt 0:00:10]} Nb8 {[%emt 0:00:10]} 17. Nd2 {[%emt 0:00:10]} Nc6 {[%emt 0:00:10]} 18. Nf3 {[%emt 0:00:10]} Rc8 {[%emt 0:00:10]} 19. Qf2 {[%emt 0:00:10]} Rfd8 {[%emt 0:00:10]} 20. Rfd1 {[%emt 0:00:10]} Rd7 {[%emt 0:00:10]} 21. Rd2 {[%emt 0:00:10]} Rcd8 {[%emt 0:00:10]} 22. Rad1 {[%emt 0:00:10]} Qa5 {[%emt 0:00:10]} 23. a3 {[%emt 0:00:10]} Qb6 {[%emt 0:00:10]} 24. Bg1 {[%emt 0:00:10]} Na5 {[%emt 0:00:10]} 25. b4 {[%emt 0:00:10]} Nc4 {[%emt 0:00:10]} 26. Ra2 {[%emt 0:00:10]} a5 {[%emt 0:00:10]} 27. Rb1 {[%emt 0:00:10]} cxb4 {[%emt 0:00:10]} 28. cxb4 {[%emt 0:00:10]} axb4 {[%emt 0:00:10]} 29. axb4 {[%emt 0:00:10]} Qb5 {[%emt 0:00:10]} 30. Nd4 {[%emt 0:00:10]} Qb6 {[%emt 0:00:10]} 31. Qe2 {[%emt 0:00:10]} Qc7 {[%emt 0:00:10]} 32. Nb5 {[%emt 0:00:10]} Qb6 {[%emt 0:00:10]} 33. Nd4 {[%emt 0:00:10]} Qc7 {[%emt 0:00:10]} 34. Nb5 {[%emt 0:00:10]} Qb6 {[%emt 0:00:10]} 35. Nd4 {[%emt 0:00:10]} 1/2-1/2

[Event "9th Bangabandhu Rapid Women 2021"]
[Site "Dhaka"]
[Date "2021.04.02"]
[Round "5.1"]
[White "Hamid, Rani"]
[Black "Sultana, Sharmin Shirin"]
[Result "1/2-1/2"]
[WhiteElo "1920"]
[BlackElo "2006"]
[Annotator "ChessBase"]
[PlyCount "142"]
[EventDate "2021.04.02"]
[EventType "swiss"]
[EventCountry "BAN"]
[SourceTitle "playchess.com"]
[Source "ChessBase"]
[SourceQuality "1"]
[TimeControl "1500+10"]

1. e4 {[%emt 0:00:00]} c5 {[%emt 0:00:00]} 2. Nf3 {[%emt 0:00:00]} e6 {[%emt 0:00:00]} 3. d4 {[%emt 0:00:01]} cxd4 {[%emt 0:00:00]} 4. Nxd4 {[%emt 0:00:02]} a6 {[%emt 0:00:00]} 5. Nc3 {[%emt 0:00:19]} Qc7 {[%emt 0:00:00]} 6. Be2 {[%emt 0:00:40]} b5 {[%emt 0:00:01]} 7. O-O {[%emt 0:00:29]} Bb7 {[%emt 0:00:02]} 8. a3 {[%emt 0:00:05]} Nf6 {[%emt 0:00:13]} 9. Bf3 {[%emt 0:00:38]} Nc6 {[%emt 0:00:48]} 10. Nxc6 {[%emt 0:00:23]} Bxc6 {[%emt 0:00:38]} 11. Qe2 {[%emt 0:00:12]} Bd6 {[%emt 0:00:05]} 12. h3 {[%emt 0:01:06]} O-O {[%emt 0:00:18]} 13. Re1 {[%emt 0:00:36]} Be5 {[%emt 0:00:12]} 14. Bd2 {[%emt 0:00:55]} d6 {[%emt 0:00:30]} 15. g3 {[%emt 0:00:57]} Nd7 {[%emt 0:01:44]} 16. Bg2 {[%emt 0:00:26]} Nb6 {[%emt 0:01:11]} 17. f4 {[%emt 0:00:28]} Bd4+ {[%emt 0:00:17]} 18. Kh2 {[%emt 0:00:15]} Nc4 {[%emt 0:00:50]} 19. Qd3 {[%emt 0:00:52]} Bf6 {[%emt 0:02:28]} 20. Bc1 {[%emt 0:00:39]} Rfd8 {[%emt 0:01:51]} 21. f5 {[%emt 0:01:18]} Be5 {[%emt 0:03:47]} 22. Qf3 {[%emt 0:01:05]} Rac8 {[%emt 0:00:12]} 23. Nd1 {[%emt 0:01:42]} exf5 {[%emt 0:02:03]} 24. Qxf5 {[%emt 0:00:17]} d5 {[%emt 0:00:04]} 25. Bf4 {[%emt 0:02:02]} Bxf4 {[%emt 0:01:05]} 26. gxf4 {[%emt 0:00:42]} dxe4 {[%emt 0:00:18]} 27. b3 {[%emt 0:01:21]} Nd6 {[%emt 0:00:58]} 28. Qg5 {[%emt 0:00:44]} h6 {[%emt 0:00:17]} 29. Qg4 {[%emt 0:01:13]} Bd7 {[%emt 0:00:27]} 30. Qg3 {[%emt 0:00:36]} Nf5 {[%emt 0:01:46]} 31. Qf2 {[%emt 0:00:02]} Qxc2 {[%emt 0:00:14]} 32. Bxe4 {[%emt 0:00:13]} Qxb3 {[%emt 0:00:24]} 33. Ne3 {[%emt 0:01:16]} Nxe3 {[%emt 0:00:41]} 34. Rxe3 {[%emt 0:00:01]} Rc3 {[%emt 0:00:30]} 35. Rf3 {[%emt 0:01:02]} Rxf3 {[%emt 0:00:25]} 36. Bxf3 {[%emt 0:00:14]} Qc3 {[%emt 0:00:39]} 37. Rd1 {[%emt 0:00:15]} Qxa3 {[%emt 0:02:24]} 38. Bg4 {[%emt 0:00:43]} b4 {[%emt 0:01:26]} 39. Bxd7 {[%emt 0:01:52]} b3 {[%emt 0:00:14]} 40. Qb6 {[%emt 0:01:24]} Qb2+ {[%emt 0:00:41]} 41. Kh1 {[%emt 0:00:24]} Qf6 {[%emt 0:00:28]} 42. Qxb3 {[%emt 0:00:38]} Qxf4 {[%emt 0:00:15]} 43. Qb7 {[%emt 0:01:08]} a5 {[%emt 0:00:25]} 44. Rg1 {[%emt 0:00:27]} Qd4 {[%emt 0:00:27]} 45. Bc6 {[%emt 0:00:44]} g6 {[%emt 0:00:16]} 46. Rf1 {[%emt 0:00:14]} Qc4 {[%emt 0:00:22]} 47. Bg2 {[%emt 0:00:46]} a4 {[%emt 0:00:18]} 48. Qe7 {[%emt 0:00:08]} Rf8 {[%emt 0:00:23]} 49. Re1 {[%emt 0:00:36]} Qb3 {[%emt 0:00:10]} 50. Re3 {[%emt 0:00:07]} Qb1+ {[%emt 0:00:04]} 51. Kh2 {[%emt 0:00:02]} Qb8+ {[%emt 0:00:13]} 52. Kh1 {[%emt 0:00:05]} Qb1+ {[%emt 0:00:03]} 53. Kh2 {[%emt 0:00:04]} Qb8+ {[%emt 0:00:03]} 54. Kh1 {[%emt 0:00:02]} Qf4 {[%emt 0:00:08]} 55. Rf3 {[%emt 0:00:14]} Qc1+ {[%emt 0:00:05]} 56. Rf1 {[%emt 0:00:01]} Qc4 {[%emt 0:00:08]} 57. Re1 {[%emt 0:00:04]} h5 {[%emt 0:00:11]} 58. Re4 {[%emt 0:00:11]} Qc1+ {[%emt 0:00:04]} 59. Kh2 {[%emt 0:00:04]} a3 {[%emt 0:00:11]} 60. Re1 {[%emt 0:00:10]} Qb2 {[%emt 0:00:05]} 61. Kh1 {[%emt 0:00:13]} a2 {[%emt 0:00:06]} 62. Qa7 {[%emt 0:00:03]} Qb1 {[%emt 0:00:16]} 63. Rf1 {[%emt 0:00:05]} Qb3 {[%emt 0:00:30]} 64. Qd4 {[%emt 0:00:16]} Rb8 {[%emt 0:00:19]} 65. Qf6 {[%emt 0:00:37]} Rf8 {[%emt 0:00:16]} 66. Qa1 {[%emt 0:00:16]} Rc8 {[%emt 0:00:05]} 67. Qf6 {[%emt 0:00:03]} Rc2 {[%emt 0:00:13]} 68. Qd8+ {[%emt 0:00:16]} Kg7 {[%emt 0:00:08]} 69. Qd4+ {[%emt 0:00:04]} Kg8 {[%emt 0:00:05]} 70. Qd8+ {[%emt 0:00:14]} Kg7 {[%emt 0:00:09]} 71. Qf6+ {[%emt 0:00:03]} Kg8 {[%emt 0:00:01]} 1/2-1/2

[Event "9th Bangabandhu Rapid Women 2021"]
[Site "Dhaka"]
[Date "2021.04.02"]
[Round "5.2"]
[White "Noshin, Anjum"]
[Black "Ahmed, Walijah"]
[Result "1-0"]
[WhiteElo "1912"]
[BlackElo "1902"]
[Annotator "ChessBase"]
[PlyCount "61"]
[EventDate "2021.04.02"]
[EventType "swiss"]
[EventCountry "BAN"]
[SourceTitle "playchess.com"]
[Source "ChessBase"]
[SourceQuality "1"]
[TimeControl "1500+10"]

1. e4 {[%emt 0:00:00]} c5 {[%emt 0:00:00]} 2. Nf3 {[%emt 0:00:00]} e6 {[%emt 0:00:00]} 3. d4 {[%emt 0:00:00]} cxd4 {[%emt 0:00:00]} 4. Nxd4 {[%emt 0:00:00]} Nc6 {[%emt 0:00:00]} 5. Nc3 {[%emt 0:00:21]} Qc7 {[%emt 0:00:00]} 6. Be3 {[%emt 0:00:27]} a6 {[%emt 0:00:00]} 7. Bd3 {[%emt 0:00:16]} Nf6 {[%emt 0:00:15]} 8. Qe2 {[%emt 0:02:37]} Bb4 {[%emt 0:01:53]} 9. Nb3 {[%emt 0:03:12]} Ne5 {[%emt 0:05:06]} 10. Bd2 {[%emt 0:03:14]} d6 {[%emt 0:03:11]} 11. O-O {[%emt 0:00:38]} O-O {[%emt 0:01:45]} 12. Nb5 {[%emt 0:01:26]} axb5 {[%emt 0:02:14]} 13. Bxb4 {[%emt 0:00:03]} Nc4 {[%emt 0:00:31]} 14. Bxc4 {[%emt 0:04:54]} bxc4 {[%emt 0:01:23]} 15. e5 {[%emt 0:00:18]} dxe5 {[%emt 0:03:43]} 16. Bxf8 {[%emt 0:00:46]} cxb3 {[%emt 0:00:44]} 17. Ba3 {[%emt 0:01:02]} bxa2 {[%emt 0:01:11]} 18. Rxa2 {[%emt 0:00:24]} b5 {[%emt 0:00:50]} 19. Bd6 {[%emt 0:00:34]} Qb7 {[%emt 0:00:52]} 20. Rxa8 {[%emt 0:01:00]} Qxa8 {[%emt 0:00:01]} 21. Qxb5 {[%emt 0:00:19]} Bb7 {[%emt 0:00:22]} 22. Re1 {[%emt 0:01:25]} h6 {[%emt 0:02:36]} 23. Bxe5 {[%emt 0:00:10]} Ng4 {[%emt 0:00:02]} 24. Bg3 {[%emt 0:00:25]} Nf6 {[%emt 0:01:08]} 25. f3 {[%emt 0:00:59]} Qc8 {[%emt 0:00:29]} 26. Qd3 {[%emt 0:00:26]} Ba6 {[%emt 0:00:17]} 27. Qc3 {[%emt 0:00:28]} Qxc3 {[%emt 0:00:28]} 28. bxc3 {[%emt 0:00:02]} Nd5 {[%emt 0:00:01]} 29. Ra1 {[%emt 0:00:14]} Bb5 {[%emt 0:00:16]} 30. Ra5 {[%emt 0:03:04]} Bc4 {[%emt 0:00:42]} 31. Rc5 {[%emt 0:01:26]} 1-0

[Event "9th Bangabandhu Rapid Women 2021"]
[Site "Dhaka"]
[Date "2021.04.02"]
[Round "5.3"]
[White "Talukder, Umme Taslima Protiva"]
[Black "Kazi Zarin, Tasnim"]
[Result "1-0"]
[WhiteElo "1722"]
[BlackElo "1790"]
[Annotator "NA"]
[PlyCount "59"]
[EventDate "2021.04.02"]
[EventType "swiss"]
[EventCountry "BAN"]
[SourceTitle "playchess.com"]
[Source "ChessBase"]
[SourceQuality "1"]
[TimeControl "1500+10"]

1. d4 {[%emt 0:25:10]} d5 {[%emt 0:25:10]} 2. c4 {[%emt 0:00:10]} e5 {[%emt 0:00:10]} 3. dxe5 {[%emt 0:00:10]} d4 {[%emt 0:00:10]} 4. Nf3 {[%emt 0:00:10]} Nc6 5. a3 {[%emt 0:00:10]} Bg4 {[%emt 0:00:20]} 6. Nbd2 {[%emt 0:00:10]} Nge7 {[%emt 0:00:10]} 7. g3 {[%emt 0:00:10]} Ng6 {[%emt 0:00:10]} 8. Bg2 {[%emt 0:00:10]} Rb8 {[%emt 0:00:10]} 9. O-O {[%emt 0:00:10]} Ngxe5 {[%emt 0:00:10]} 10. h3 {[%emt 0:00:10]} Be6 {[%emt 0:00:10]} 11. Nxe5 {[%emt 0:00:10]} Nxe5 {[%emt 0:00:10]} 12. Qa4+ {[%emt 0:00:10]} c6 {[%emt 0:00:10]} 13. f4 {[%emt 0:00:10]} Nd7 {[%emt 0:00:10]} 14. f5 {[%emt 0:00:10]} Nb6 {[%emt 0:00:10]} 15. Qc2 {[%emt 0:00:10]} Bc8 {[%emt 0:00:10]} 16. Ne4 {[%emt 0:00:10]} Be7 {[%emt 0:00:10]} 17. Bd2 {[%emt 0:00:10]} Nd7 {[%emt 0:00:10]} 18. Bf4 {[%emt 0:00:10]} Ra8 {[%emt 0:00:10]} 19. Nd6+ {[%emt 0:00:10]} Bxd6 {[%emt 0:00:10]} 20. Bxd6 {[%emt 0:00:10]} Nf6 21. c5 {[%emt 0:00:10]} Bd7 {[%emt 0:00:20]} 22. Rad1 {[%emt 0:00:10]} Qa5 {[%emt 0:00:10]} 23. Rxd4 {[%emt 0:00:10]} Kd8 {[%emt 0:00:10]} 24. e4 {[%emt 0:00:10]} Kc8 {[%emt 0:00:10]} 25. Rfd1 {[%emt 0:00:10]} Be8 {[%emt 0:00:10]} 26. Be7 {[%emt 0:00:10]} b6 {[%emt 0:00:10]} 27. Ra4 {[%emt 0:00:10]} Qb5 {[%emt 0:00:10]} 28. Bf1 {[%emt 0:00:10]} Qxa4 {[%emt 0:00:10]} 29. Qxa4 {[%emt 0:00:10]} Kb7 {[%emt 0:00:10]} 30. Qa6+ {[%emt 0:00:10]} 1-0

[Event "9th Bangabandhu Rapid Women 2021"]
[Site "Dhaka"]
[Date "2021.04.02"]
[Round "5.4"]
[White "Jannatul, Ferdous"]
[Black "Nusrat Jahan, Alo"]
[Result "1-0"]
[WhiteElo "1778"]
[BlackElo "1712"]
[Annotator "NA"]
[PlyCount "130"]
[EventDate "2021.04.02"]
[EventType "swiss"]
[EventCountry "BAN"]
[SourceTitle "playchess.com"]
[Source "ChessBase"]
[SourceQuality "1"]
[TimeControl "1500+10"]

1. d4 {[%emt 0:25:10]} d5 {[%emt 0:25:10]} 2. Bf4 {[%emt 0:00:10]} e6 {[%emt 0:00:10]} 3. e3 {[%emt 0:00:10]} Nf6 {[%emt 0:00:10]} 4. Nf3 {[%emt 0:00:10]} Bd6 {[%emt 0:00:10]} 5. Bg3 {[%emt 0:00:10]} O-O {[%emt 0:00:10]} 6. c3 {[%emt 0:00:10]} b6 {[%emt 0:00:10]} 7. Bd3 {[%emt 0:00:10]} Bb7 {[%emt 0:00:10]} 8. Nbd2 {[%emt 0:00:10]} Re8 {[%emt 0:00:10]} 9. Qe2 {[%emt 0:00:10]} Nbd7 {[%emt 0:00:10]} 10. O-O {[%emt 0:00:10]} Bxg3 {[%emt 0:00:10]} 11. hxg3 {[%emt 0:00:10]} e5 {[%emt 0:00:10]} 12. dxe5 {[%emt 0:00:10]} Nxe5 {[%emt 0:00:10]} 13. Nxe5 {[%emt 0:00:10]} Rxe5 {[%emt 0:00:10]} 14. Nf3 {[%emt 0:00:10]} Re8 {[%emt 0:00:10]} 15. Nd4 {[%emt 0:00:10]} Ne4 {[%emt 0:00:10]} 16. Rad1 {[%emt 0:00:10]} c6 {[%emt 0:00:10]} 17. Qg4 {[%emt 0:00:10]} Qe7 {[%emt 0:00:10]} 18. Nf5 {[%emt 0:00:10]} Qf6 {[%emt 0:00:10]} 19. f3 {[%emt 0:00:10]} Nc5 {[%emt 0:00:10]} 20. Bc2 {[%emt 0:00:10]} g6 {[%emt 0:00:10]} 21. Kf2 {[%emt 0:00:10]} h5 {[%emt 0:00:10]} 22. Qd4 {[%emt 0:00:10]} Qxd4 {[%emt 0:00:10]} 23. Nxd4 {[%emt 0:00:10]} Ne6 {[%emt 0:00:10]} 24. Rh1 {[%emt 0:00:10]} Ng7 {[%emt 0:00:10]} 25. e4 {[%emt 0:00:10]} a6 {[%emt 0:00:10]} 26. exd5 {[%emt 0:00:10]} cxd5 {[%emt 0:00:10]} 27. Rhe1 {[%emt 0:00:10]} Kf8 {[%emt 0:00:10]} 28. Bb3 {[%emt 0:00:10]} Ne6 {[%emt 0:00:10]} 29. Rh1 {[%emt 0:00:10]} Ng7 {[%emt 0:00:10]} 30. Rhe1 {[%emt 0:00:10]} Ne6 {[%emt 0:00:10]} 31. Bc2 {[%emt 0:00:10]} Kg7 {[%emt 0:00:10]} 32. Ne2 {[%emt 0:00:10]} Rad8 {[%emt 0:00:10]} 33. Rd2 {[%emt 0:00:10]} Rd6 {[%emt 0:00:10]} 34. Red1 {[%emt 0:00:10]} Red8 {[%emt 0:00:10]} 35. Bb3 {[%emt 0:00:10]} Nc7 {[%emt 0:00:10]} 36. Nf4 {[%emt 0:00:10]} b5 {[%emt 0:00:10]} 37. Rd4 {[%emt 0:00:10]} Ne6 {[%emt 0:00:10]} 38. R4d2 {[%emt 0:00:10]} Nc7 {[%emt 0:00:10]} 39. Nd3 {[%emt 0:00:10]} Ne6 {[%emt 0:00:10]} 40. Nb4 {[%emt 0:00:10]} Nc7 {[%emt 0:00:10]} 41. Nd3 {[%emt 0:00:10]} Ne6 {[%emt 0:00:10]} 42. Re1 {[%emt 0:00:10]} d4 {[%emt 0:00:10]} 43. Bxe6 {[%emt 0:00:10]} dxc3 {[%emt 0:00:10]} 44. bxc3 {[%emt 0:00:10]} Rxd3 {[%emt 0:00:10]} 45. Rxd3 {[%emt 0:00:10]} Rxd3 {[%emt 0:00:10]} 46. Bb3 {[%emt 0:00:10]} Rxc3 {[%emt 0:00:10]} 47. Re7 {[%emt 0:00:10]} Bc8 {[%emt 0:00:10]} 48. Rxf7+ {[%emt 0:00:10]} Kh6 {[%emt 0:00:10]} 49. Rf6 {[%emt 0:00:10]} a5 {[%emt 0:00:10]} 50. Rb6 {[%emt 0:00:10]} a4 {[%emt 0:00:10]} 51. Bf7 {[%emt 0:00:10]} Bf5 {[%emt 0:00:10]} 52. Rxb5 {[%emt 0:00:10]} Rc2+ {[%emt 0:00:10]} 53. Kg1 {[%emt 0:00:10]} Rc1+ {[%emt 0:00:10]} 54. Kh2 {[%emt 0:00:10]} Rb1 {[%emt 0:00:10]} 55. Rxb1 {[%emt 0:00:10]} Bxb1 {[%emt 0:00:10]} 56. a3 Bc2 {[%emt 0:00:10]} 57. Kg1 {[%emt 0:00:20]} Kg5 {[%emt 0:00:10]} 58. Kf2 {[%emt 0:00:10]} Kf6 {[%emt 0:00:10]} 59. Be8 {[%emt 0:00:10]} Ke5 {[%emt 0:00:10]} 60. Ke3 {[%emt 0:00:10]} Kd5 {[%emt 0:00:10]} 61. Kd2 {[%emt 0:00:10]} Bf5 {[%emt 0:00:10]} 62. Bxa4 {[%emt 0:00:10]} Kc4 {[%emt 0:00:10]} 63. Be8 {[%emt 0:00:10]} Kc5 {[%emt 0:00:10]} 64. Ke3 {[%emt 0:00:10]} Kd5 {[%emt 0:00:10]} 65. Kf4 {[%emt 0:00:10]} Kd6 {[%emt 0:00:10]} 1-0